=LDR 00000nam 2200000 4500 =001 NUTBA000000000003749 =005 20140826115101.0 =006 =007 =008 =020 ##$$a978-979-534-710-1 =035 ##$$a 0010-081400000000594 =082 ##$$a510 =100 ##$$aJERRY BOBROW =245 ##$$aMATEMATIKA DASAR DAN PRA-ALJABAR =260 ##$$a JAKARTA $b PAKAR RAYA $c 2010 =300 ##$$a X; 168 Hlm $c 20 cm =500 ##$$a9 =650 ##$$aMATEMATIKA-ALJABAR =850 ##$$a NBPN MAT